The noble scholar, jurist, historian


 His Excellency Dr. Abdul Wahhab bin Ibrahim Abu Sulaiman, may Allah have mercy on him.


 He was born in Umm Al-Qura in the year 1356 AH.

التقريب بين المذاهب الإسلامية : (Record no. 209)

MARC details
000 -LEADER
fixed length control field 01254cam a2200241 i 4500
003 - CONTROL NUMBER IDENTIFIER
control field SA-RiAUC
005 - DATE AND TIME OF LATEST TRANSACTION
control field 20240911142505.0
008 - FIXED-LENGTH DATA ELEMENTS--GENERAL INFORMATION
fixed length control field 240911s1997 mr g 10000 ara c
014 ## -
-- 07200258087
020 ## - INTERNATIONAL STANDARD BOOK NUMBER
International Standard Book Number 9981260835
040 ## - CATALOGING SOURCE
Original cataloging agency SA-RiAUC
Language of cataloging ara
Transcribing agency SA-RiAUC
Description conventions rda
082 04 - DEWEY DECIMAL CLASSIFICATION NUMBER
Classification number 258
111 2# - MAIN ENTRY--MEETING NAME
Meeting name or jurisdiction name as entry element ندوة التعريف بين المذاهب الإسلامية
Number of part/section/meeting (2 :
Date of meeting or treaty signing 1996 :
Location of meeting الرباط)
245 12 - TITLE STATEMENT
Title التقريب بين المذاهب الإسلامية :
Remainder of title أبحاث الندوة الثانية التي عقدتها المنظمة الإسلامية للتربية والعلوم والثقافة بالرباط في الفترة من 12-14 ربيع الثاني 1417 هـ. / 27-29 أغسطس 1996 م.
264 #1 - PRODUCTION, PUBLICATION, DISTRIBUTION, MANUFACTURE, AND COPYRIGHT NOTICE
Place of production, publication, distribution, manufacture الرباط :
Name of producer, publisher, distributor, manufacturer المنظمة الإسلامية للتربية والعلوم والثقافة (إيسيسكو)،
Date of production, publication, distribution, manufacture, or copyright notice 1997
-- [1418]
300 ## - PHYSICAL DESCRIPTION
Extent 257 صفحة ؛
Dimensions 24 سم
336 ## - CONTENT TYPE
Content type term نص
Content type code txt
Source rdacontent
Materials specified كتاب
337 ## - MEDIA TYPE
Media type term بدون وسيط
Media type code n
Source rdamedia
338 ## - CARRIER TYPE
Carrier type term مجلد
Carrier type code nc
Source rdacarrier
650 #7 - SUBJECT ADDED ENTRY--TOPICAL TERM
Topical term or geographic name entry element الفقه الإسلامي
General subdivision مذاهب
Source of heading or term aucsh
710 2# - ADDED ENTRY--CORPORATE NAME
Corporate name or jurisdiction name as entry element المنظمة الإسلامية للتربية والعلوم والثقافة
Relator term منظم.
949 ## - LOCAL PROCESSING INFORMATION (OCLC)
a SA-JeALM
d 240911
u mohamedma123
n 1
Holdings
Withdrawn status Lost status Source of classification or shelving scheme Damaged status Not for loan Home library Current library Date acquired Total checkouts Full call number Barcode Date last seen Price effective from Koha item type
    Dewey Decimal Classification     DR AbdElwahab Library DR AbdElwahab Library 09/14/2024   270 ن د و 000000315 09/14/2024 09/14/2024 Books